00506nam a2200169 a 450008200180000010000160001824500290003426000420006330000090010550000350011450500100014965000240015970000160018394200070019995201130020699900170031900a297.0954bDEW aDewick, E C aReligious Quest of India aOxfordbOxford University Pressc1930 a290p aincludes index and biblioraphy2 aIndex aIslam-History-India1 aDewick, E C cBK 00104070aHMIbHMId2007-08-29g100.00l4o297.0954 DEWp11000643r2019-08-28s2019-08-22w2026-01-16yEB c18878d18878